Movies Quiz

Random Movies or Company Quiz
Score 0/19 Timer 05:00
0 Plays Today
% Correct
Iron ManStark Industries
52.8%
Batman SeriesWayne Enterprises
45.3%
Resident Evil SeriesUmbrella Corporation
39.6%
Office SpaceInitech
28.3%
SpidermanOscorp
28.3%
Total RecallRekall
22.6%
Back to the Future Part IIBiffCo Enterprises
20.8%
The Hudsucker ProxyHudsucker Industries
17%
RobocopOmni Consumer Products
17%
Terminator SeriesCyberdine Systems
15.1%
% Correct
GhostbustersStay Puft Marshmallow Corporation
15.1%
AlienWeyland-Yutani Corp
13.2%
Austin PowersVirtucon
13.2%
Fight ClubPaper Street Soap Company
11.3%
Soylent GreenThe Soylent Corporation
9.4%
Blade RunnerTyrell Corporation
9.4%
District 9Multi-National United
5.7%
NetworkUBS
5.7%
Eternal Sunshine of the Spotless MindLacuna, Inc.
3.8%
Come Together.
Have Fun.
All Virtual.
We all need to come together. Play Sporcle's virtual live trivia to have fun, connect with people, and get your trivia on. Join a live hosted trivia game for your favorite pub trivia experience done virtually. If a virtual private party is more your thing, go here for details.

You're not logged in!

Compare scores with friends on all Sporcle quizzes.
OR
Log In

Sporcle TV

Today on Sporcle TV


Watch our educational content, quiz creation guides, and fun videos on Sporcle TV.

Show Comments

Extras

Created Feb 17, 2011ReportNominate
Tags:Company Quiz, fictional

Top Quizzes Today


Score Distribution

Paid Content

Your Account Isn't Verified!

In order to create a playlist on Sporcle, you need to verify the email address you used during registration. Go to your Sporcle Settings to finish the process.

Report this User

Report this user for behavior that violates our Community Guidelines.

Details: